The cauldron of ethnicity in the modern world / (Record no. 16063)

000 -LEADER
fixed length control field 02681nam a2200253 a 4500
001 - CONTROL NUMBER
control field ASIN0226568679
005 - DATE AND TIME OF LATEST TRANSACTION
control field 20170105102931.0
008 - FIXED-LENGTH DATA ELEMENTS--GENERAL INFORMATION
fixed length control field 140410s1993 xxu eng d
020 ## - INTERNATIONAL STANDARD BOOK NUMBER
International Standard Book Number 0226568679 (paperback)
Terms of availability $17.50
020 ## - INTERNATIONAL STANDARD BOOK NUMBER
International Standard Book Number 9780226568676 (paperback)
040 ## - CATALOGING SOURCE
Original cataloging agency 0
050 04 - LIBRARY OF CONGRESS CALL NUMBER
Classification number GN495.6
082 04 - DEWEY DECIMAL CLASSIFICATION NUMBER
Classification number 305.8
Author Mark NAS 1993
100 1# - MAIN ENTRY--PERSONAL NAME
Personal name Nash, Manning.
245 14 - TITLE STATEMENT
Title The cauldron of ethnicity in the modern world /
Statement of responsibility, etc. Manning Nash.
250 ## - EDITION STATEMENT
Edition statement 1st ed.
260 ## - PUBLICATION, DISTRIBUTION, ETC.
Place of publication, distribution, etc. [S.l.] :
Name of publisher, distributor, etc. University Of Chicago Press,
Date of publication, distribution, etc. 1993.
300 ## - PHYSICAL DESCRIPTION
Extent 150 p. ;
Dimensions 22 cm.
520 ## - SUMMARY, ETC.
Summary, etc. The "melting pot" metaphor conveys an image of individuals from varied origins blending imperceptibly together. But when such ingredients as inequality, nationalism, or perceived injustice are added to the mix, the melting pot can become a seething cauldron. Manning Nash's examination of ethnicity in the postcolonial world offers insights into the ways that ethnic tensions are engendered and sustained. Ethnicity, Nash suggests, is formed by historical processes based on preexisting elements of society and culture. Notions of ethnicity have at their core the recursive metaphor of "blood, bed, and cult"—body substance, kinship, and religious belief. When individuals who perceive themselves bound by these ties are threatened in some way, ethnicity becomes a unifying call to action. Nash identifies a number of concepts—political self-rule, economic opportunity, cultural identity, religious freedom—that have been rallying cries for ethnic struggles in the twentieth century. He offers a novel analysis of the ways that ethnic groups identify themselves and maintain "boundaries," and he assesses the circumstances under which ethnicity may be relevant or nearly irrelevant to political, economic, and cultural dynamics. Nash presents three case studies that highlight the multifaceted nature of ethnicity and that each demonstrate a particular mode of comparative method. He compares a situation of conquest (Ladino and Maya in Mexico and Guatemala), a new, excolonial nation with nearly equally sized groups (Chinese and Malays in Malaysia), and a small immigrant group in a large nation (Jews in the United States), pointing out the many possible combinations of political, economic, or cultural struggles in ethnic conflicts. Even in nations where such conflict is minimal, Nash warns, ethnicity remains a reservoir of turbulence in a world where power, wealth, and dignity are unevenly and illegitimately distributed.
650 #0 - SUBJECT ADDED ENTRY--TOPICAL TERM
Topical term or geographic name entry element Ethnicity
650 #0 - SUBJECT ADDED ENTRY--TOPICAL TERM
Topical term or geographic name entry element Social change
856 40 - ELECTRONIC LOCATION AND ACCESS
Materials specified Amazon.com
Uniform Resource Identifier <a href="http://www.amazon.com/exec/obidos/ASIN/0226568679/chopaconline-20">http://www.amazon.com/exec/obidos/ASIN/0226568679/chopaconline-20</a>
942 ## - ADDED ENTRY ELEMENTS (KOHA)
Source of classification or shelving scheme
Koha item type Book
Holdings
Withdrawn status Lost status Damaged status Not for loan Collection code Permanent Location Current Location Shelving location Date acquired Total Checkouts Full call number Barcode Date last seen Price effective from Koha item type
          Centre for International Peace & Stability (CIPS) Centre for International Peace & Stability (CIPS) General Stacks 04/01/2014   305.8 NAS 1993 CIPSD0000107 04/10/2014 04/10/2014 Book
© 2023 Central Library, National University of Sciences and Technology. All Rights Reserved.